Представление документа в формате RUSMARC

ПолеНазваниеЗначение
  Тип записи a
  Библиографический уровень m
001 Контрольный номер 5c46b7dc41a34d9b966410f69eba4d16
005 Дата корректировки 20140605152755.3
010 Индекс ISBN __
a ISBN 978-5-394-00258-8
101 Язык документа 0_
a Язык текста rus
102 Страна публикации __
a Страна публикации RU
200 Заглавие и сведения об ответственности 1_
a Заглавие Сетевой сбыт. Как организовать глобальную дистрибьюторскую сеть
e Сведения, относящиеся к заглавию учеб. пособие
f Первые сведения об ответственности И. В. Есикова
210 Выходные данные 1_
c Издательство Дашков и К
a Место издания М.
d Дата издания 2009
215 Физическое описание __
a Объем 195, [3] с.
610 Ключевые слова 0_
a Ключевые слова сетевой маркетинг
610 Ключевые слова 0_
a Ключевые слова многоуровневый маркетинг
610 Ключевые слова 0_
a Ключевые слова дистрибьюторская сеть
610 Ключевые слова 0_
a Ключевые слова интернет-млм
610 Ключевые слова 0_
a Ключевые слова привлечение клиентов
610 Ключевые слова 0_
a Ключевые слова розничные продажи
610 Ключевые слова 0_
a Ключевые слова рекрутинг
610 Ключевые слова 0_
a Ключевые слова спонсор
686 Индексы других классификаций __
a Классификационный индекс 65.050.8
2 Код системы rubbk
700 Автор _1
a Фамилия Есикова
b Имя И. В.
g Полное личное имя Ирина Владимировна
801 Источник записи _0
a Страна RU
b Организация РУК
c Дата составления 20121106
g Правила каталогизации PSBO
801 Источник записи _1
a Страна RU
b Организация РУК
c Дата составления 20121106
g Правила каталогизации PSBO
852 Данные о местонахождении __
i Авторский знак Е 83
j Шифр хранения ББК 65.050
901 Тип документа __
t Тип документа m
938 Служебная информация __
a Название организации Головной вуз
b Имя БД BOOK
c Название АИБС АИБС ИРБИС
952 Тип литературы __
c Вид литературы учебное пособие